=LDR 00000nam 2200000 4500 =001 INLIS000000000027858 =005 20130612130213 =008 ***********************************Ind** =035 ##$$0010-061300000027858 =041 ##$$a Ind =082 ##$$a 813 =090 ##$$a 813, Kur a =100 ##$$a Kurniawan, Harlis =245 ##$$a Afira sekuntum bunga di suatu senja, Harlis Kurniawan; Penyunting, nazaruddin =260 ##$$a 2006 $b Jakarta =300 ##$$a viii,136 hlm, 20 cm =650 ##$$a Fiksi Indonesia =700 ##$$a Nazaruddin =850 ##$$a NBPNMAT =990 ##$$a 0001/BPAP-NTB/20142015